Hierarchická organizace v současném managementu
Problémy manažmentu - hierarchická organizácia, nevyhnutnosť zbaviť sa tohto typu organizácie. Vytváranie organizácií na modernom sieťovom princípe - príklad Al´Kajdy.
Salvato in:
| Autore principale: | |
|---|---|
| Natura: | Capitolo di libro |
| Lingua: | ceco |
| Soggetti: | |
| Tags: |
Nessun Tag, puoi essere il primo ad aggiungerne!!
|
MARC
| LEADER | 00000naa$a2200000$$$4500 | ||
|---|---|---|---|
| 001 | 0015685 | ||
| 005 | 20221207104906.4 | ||
| 041 | 0 | |a cze | |
| 044 | |a SK | ||
| 245 | 1 | 0 | |a Hierarchická organizace v současném managementu |c aut. Jan Truneček |
| 520 | |a Problémy manažmentu - hierarchická organizácia, nevyhnutnosť zbaviť sa tohto typu organizácie. Vytváranie organizácií na modernom sieťovom princípe - príklad Al´Kajdy. | ||
| 610 | 2 | 0 | |a manažment |
| 610 | 2 | 0 | |a hierarchia podniková |
| 610 | 2 | 0 | |a zmeny organizačné |
| 610 | 2 | 0 | |a armáda |
| 100 | 1 | |a Truneček, Jan | |